Bhutan : visudha bhranthante vazhi thaarakal (ഭൂട്ടാൻ : വിശുദ്ധ ഭ്രാന്തിൻറെ വഴിത്താരകൾ) (Record no. 115738)
[ view plain ]
| 000 -LEADER | |
|---|---|
| fixed length control field | 00370 a2200109 4500 |
| 020 ## - INTERNATIONAL STANDARD BOOK NUMBER | |
| International Standard Book Number | 9789359621319 |
| 100 ## - MAIN ENTRY--PERSONAL NAME | |
| Personal name | Nandini Menon |
| 245 ## - TITLE STATEMENT | |
| Title | Bhutan : visudha bhranthante vazhi thaarakal (ഭൂട്ടാൻ : വിശുദ്ധ ഭ്രാന്തിൻറെ വഴിത്താരകൾ) |
| 250 ## - EDITION STATEMENT | |
| Edition statement | 2nd |
| 260 ## - PUBLICATION, DISTRIBUTION, ETC. (IMPRINT) | |
| Name of publisher, distributor, etc | Mathrubhumi books |
| Date of publication, distribution, etc | 2025 |
| 942 ## - ADDED ENTRY ELEMENTS (KOHA) | |
| Koha item type | On order/under processing |
| Withdrawn status | Lost status | Damaged status | Not for loan | Home library | Current library | Date acquired | Source of acquisition | Cost, normal purchase price | Total Checkouts | Barcode | Date last seen | Cost, replacement price | Price effective from | Koha item type |
|---|---|---|---|---|---|---|---|---|---|---|---|---|---|---|
| University Library | University Library | 12/03/2026 | 269 | 246.68 | 00097817 | 12/03/2026 | 370.00 | 12/03/2026 | On order/under processing |
